Dates importantes de la seconde guerre mondiale - Statistiques

Statistiques générales
  • Ce quiz a été pris 341 fois
  • Le résultat moyen est 9 sur 13
Statistiques - réponses
Hint Réponse % Correct
Invasion de la Pologne par l'Allemagne nazie (jour+mois+année). 1er septembre 1939
87%
France vaincue (mois+année) Juin 1940
79%
Invasion allemande de la France (mois+année). Mai 1940
76%
Capitulation de l'Allemagne nazie : fin de la seconde guerre mondiale en Europe. (jour+mois+année) 8 mai 1945
74%
Débarquement allié en Normandie (jour+mois+année) 6 juin 1944
72%
La France et la Grande-Bretagne déclarent la guerre à l'Allemagne nazie (jour+mois+année). 3 septembre 1939
70%
Bombardement atomique sur la ville d' Hiroshima, Japon ( jour+mois+année) 6 aout 1945
68%
Bombardement atomique sur la ville de Nagasaki, Japon (jour+mois+année) 9 aout 1945
68%
Entrée en guerre des Etats-Unis après le bombardement de Pearl Harbour (mois+année) Décembre 1941
67%
Invasion de l'URSS par l'Allemagne nazie (mois+année) Juin 1941
58%
Capitulation japonaise : fin de la seconde guerre mondiale (jour+mois+année) 2 septembre 1945
56%
Fin de la bataille de Stalingrad (mois+année) Février 1943
53%
Début de la bataille de Stalingrad (mois+année) Juillet 1942
45%
Aucun quiz correspondant
Distribution des résultats
% des personnes avec chaque résultat
Percentile par nombre de réponses
Votre historique - résultats
Vous n’avez pas pris ce quiz